| 000 | 01143na a2200313 4500 | ||
|---|---|---|---|
| 001 | 17889 | ||
| 003 | MIRAKIL | ||
| 005 | 20181213155220.0 | ||
| 008 | 161107b tu 000 0 | ||
| 035 | _a17889 | ||
| 040 |
_aMilas _btur _cTR-AnCHP |
||
| 041 | _atur | ||
| 082 |
_aCHP 324.2372 _bC36c 1998 |
||
| 090 | _aCHP 324.2372 C36c 1998 | ||
| 110 | _aCumhuriyet Halk Partisi (CHP) | ||
| 245 |
_aCHP Genel Başkanı sayın Deniz Baykal'ın TBMM Grup Genel Kurulu 29. birleşiminde yaptığı konuşma _b2 Haziran 1998, Ankara _cCumhuriyet Halk Partisi |
||
| 260 |
_aAnkara _bCHP _c[1998] |
||
| 300 |
_a8 s. _c30 sm. |
||
| 490 | _aCumhuriyet Halk Partisi yayınları | ||
| 500 | _aDış kapakta yapıt adı üstünde: Dünyada Yeni Sol, Türkiye'de yeni CHP | ||
| 500 | _aDış kapakta adı : "CHP : Değişimin gücü" | ||
| 600 |
_aBaykal, Deniz _cCHP Genel Başkanı _xGrup konuşmaları |
||
| 610 | _aCumhuriyet Halk Partisi | ||
| 651 |
_aTürkiye _xSiyaset ve yönetim _y1995-1999 |
||
| 740 | _aDünyada Yeni Sol, Türkiye'de yeni CHP | ||
| 740 | _aCHP : Değişimin gücü | ||
| 830 | _aCHP yayınları | ||
| 942 |
_2dcc _cBKS |
||
| 999 |
_c8680 _d8680 |
||